[Event "Muensterland Verbandsklasse 1718"]
[Site "Germany"]
[Date "2018.02.17"]
[Round "6.3"]
[White "Fischer, Andreas3333"]
[Black "Priebs, Ludger"]
[Result "1-0"]
[WhiteElo "1912"]
[BlackElo "1721"]
[PlyCount "51"]
[EventDate "2017.09.16"]
[EventType "team-tourn"]
[EventRounds "9"]
[EventCountry "GER"]
[SourceTitle "EXT 2019"]
[Source "ChessBase"]
[SourceDate "2018.10.10"]
[SourceVersion "1"]
[SourceVersionDate "2018.10.10"]
[SourceQuality "1"]
[WhiteTeam "Saerbeck"]
[BlackTeam "Gescher"]
[WhiteTeamCountry "GER"]
[BlackTeamCountry "GER"]

1. e4 c5 2. Nf3 e6 3. c4 Nc6 4. Nc3 e5 5. d3 d6 6. Be2 g6 7. Be3 Bh6 8. 0-0 Bxe3 9. fxe3 Be6 10. Kh1 Nh6 11. d4 Bd7 12. dxe5 dxe5 13. Qd5 Qe7 14. Qd2 0-0 15. Nd5 Qd8 16. Rad1 Be6 17. Qc3 f5 18. Nxe5 Qh4 19. Nxc6 Bxd5 20. exd5 bxc6 21. dxc6 Rac8 22. Rd7 Rf7 23. Bf3 Ng4 24. Bxg4 Qxg4 25. Rxf7 Kxf7 26. Qd3 1-0

[Event "Muensterland Verbandsklasse 1718"]
[Site "Germany"]
[Date "2017.12.16"]
[Round "4.2"]
[White "Busswolder, Peter"]
[Black "Priebs, Ludger"]
[Result "1/2-1/2"]
[WhiteElo "1758"]
[BlackElo "1721"]
[PlyCount "49"]
[EventDate "2017.09.16"]
[EventType "team-tourn"]
[EventRounds "9"]
[EventCountry "GER"]
[SourceTitle "EXT 2019"]
[Source "ChessBase"]
[SourceDate "2018.10.10"]
[SourceVersion "1"]
[SourceVersionDate "2018.10.10"]
[SourceQuality "1"]
[WhiteTeam "Stadtlohn"]
[BlackTeam "Gescher"]
[WhiteTeamCountry "GER"]
[BlackTeamCountry "GER"]

1. d4 d5 2. c4 e6 3. Nc3 Be7 4. Nf3 c6 5. e3 Nf6 6. Bd3 Nbd7 7. Qc2 h6 8. 0-0 Qc7 9. Re1 0-0 10. e4 dxe4 11. Nxe4 Nxe4 12. Bxe4 Nf6 13. Bd3 Bd7 14. b3 Rac8 15. Bb2 b5 16. Rac1 Qb7 17. Ne5 a6 18. Qe2 Bb4 19. Bc3 Bxc3 20. Rxc3 b4 21. Rcc1 c5 22. dxc5 Rxc5 23. Rcd1 Bc6 24. Nxc6 Qxc6 25. Be4 1/2-1/2

[Event "Muensterland Verbandsklasse 1718"]
[Site "Germany"]
[Date "2017.09.16"]
[Round "1.2"]
[White "Priebs, Ludger"]
[Black "Emming, Benedikt"]
[Result "1/2-1/2"]
[WhiteElo "1721"]
[BlackElo "1799"]
[PlyCount "37"]
[EventDate "2017.09.16"]
[EventType "team-tourn"]
[EventRounds "9"]
[EventCountry "GER"]
[SourceTitle "EXT 2019"]
[Source "ChessBase"]
[SourceDate "2018.10.10"]
[SourceVersion "1"]
[SourceVersionDate "2018.10.10"]
[SourceQuality "1"]
[WhiteTeam "Gescher"]
[BlackTeam "Suedlohn II"]
[WhiteTeamCountry "GER"]
[BlackTeamCountry "GER"]

1. Nf3 c5 2. e4 Nf6 3. e5 Nd5 4. c3 e6 5. d4 d6 6. Bb5+ Bd7 7. Bxd7+ Qxd7 8. 0-0 Nc6 9. dxc5 dxc5 10. Qe2 Be7 11. Bg5 0-0 12. Bxe7 Ndxe7 13. Na3 Ng6 14. h4 Rad8 15. Qe3 Qe7 16. h5 Nh4 17. Nh2 Nf5 18. Qe4 Qc7 19. g4 1/2-1/2

[Event "Muensterland Verbandsklasse 1415"]
[Site "Germany"]
[Date "2015.02.28"]
[Round "7.2"]
[White "Priebs, Ludger"]
[Black "Schroer, Klaus"]
[Result "0-1"]
[WhiteElo "1782"]
[BlackElo "2047"]
[PlyCount "56"]
[EventDate "2014.09.13"]
[EventType "team-tourn"]
[EventRounds "9"]
[EventCountry "GER"]
[SourceTitle "EXT 2016"]
[Source "ChessBase"]
[SourceDate "2015.10.08"]
[SourceVersion "1"]
[SourceVersionDate "2015.10.08"]
[SourceQuality "1"]
[WhiteTeam "Gescher"]
[BlackTeam "Borken"]
[WhiteTeamCountry "GER"]
[BlackTeamCountry "GER"]

1. d4 Nf6 2. Nf3 e6 3. e3 b6 4. Bd3 Bb7 5. 0-0 Be7 6. b3 0-0 7. Bb2 d6 8. Nbd2 Nh5 9. Ne1 g6 10. Be2 Ng7 11. e4 f5 12. exf5 gxf5 13. Bf3 c6 14. Nd3 Bf6 15. Re1 Qc7 16. Nf4 e5 17. dxe5 dxe5 18. Nh5 Nxh5 19. Bxh5 c5 20. Be2 Nc6 21. Bc4+ Kh8 22. Qh5 Qg7 23. Bd5 Rad8 24. c4 Nb4 25. Bxb7 Qxb7 26. Red1 Nd3 27. Rab1 Rg8 28. Nf3 Nxb2 0-1

[Event "Goch op 24th"]
[Site "Goch"]
[Date "2013.09.07"]
[Round "5"]
[White "Priebs, Ludger"]
[Black "Steingrueber, Frank"]
[Result "1-0"]
[WhiteElo "1917"]
[BlackElo "1746"]
[PlyCount "123"]
[EventDate "2013.09.05"]
[EventType "swiss"]
[EventRounds "7"]
[EventCountry "GER"]
[SourceTitle "EXT 2015"]
[Source "ChessBase"]
[SourceDate "2014.11.20"]
[SourceVersion "1"]
[SourceVersionDate "2014.11.20"]
[SourceQuality "1"]

1. Nf3 d5 2. d4 Nf6 3. c4 c6 4. Nc3 Bf5 5. Bf4 dxc4 6. a4 e6 7. Ne5 Nd5 8. Bd2 Nd7 9. Nxc4 N7b6 10. e3 Be7 11. Be2 0-0 12. 0-0 Re8 13. f3 Nxc4 14. Bxc4 Bg6 15. e4 Nb6 16. Bb3 Qxd4+ 17. Kh1 Rad8 18. Bf4 Qb4 19. Qc2 h6 20. a5 Nd5 21. Na2 Qd4 22. Rfd1 Qf6 23. Bg3 Qg5 24. Qf2 Nf4 25. Qxa7 Ne2 26. Bf2 Bd6 27. Qe3 Qh5 28. Rxd6 Rxd6 29. Qxe2 Qxa5 30. Be1 Qb6 31. Nc1 f5 32. e5 Rd7 33. Bf2 Qd8 34. Be3 Bf7 35. f4 Qh4 36. g3 Qh3 37. Bc2 Bh5 38. Qf2 Bd1 39. Bd3 Qg4 40. Kg2 Rxd3 41. Nxd3 Bb3 42. Nb4 Rd8 43. Qf3 Qg6 44. Kf2 c5 45. Bxc5 Rd2+ 46. Ke1 Bd5 47. Nxd5 Rxd5 48. b4 Qe8 49. Rd1 Rxd1+ 50. Qxd1 Qc6 51. Kf2 Qe4 52. Qf3 Qc2+ 53. Kg1 Qc1+ 54. Kg2 Qb2+ 55. Kh3 Qc1 56. g4 g5 57. gxf5 Qe1 58. fxg5 hxg5 59. fxe6 Qh4+ 60. Kg2 g4 61. Qf7+ Kh8 62. Qf6+ 1-0

[Event "Goch op 23rd"]
[Site "Goch"]
[Date "2012.09.02"]
[Round "7"]
[White "Jenusch, Robert"]
[Black "Priebs, Ludger"]
[Result "1/2-1/2"]
[WhiteElo "2028"]
[BlackElo "1918"]
[PlyCount "93"]
[EventDate "2012.08.30"]
[EventType "swiss"]
[EventRounds "7"]
[EventCountry "GER"]
[SourceTitle "EXT 2015"]
[Source "ChessBase"]
[SourceDate "2014.11.20"]
[SourceVersion "1"]
[SourceVersionDate "2014.11.20"]
[SourceQuality "1"]

1. d4 d5 2. Nf3 c5 3. e3 Nc6 4. b3 cxd4 5. exd4 e6 6. Bb2 Nf6 7. Bd3 Nb4 8. 0-0 Nxd3 9. Qxd3 Bd6 10. Nbd2 0-0 11. c4 b6 12. Rac1 Ba6 13. Rfe1 Rc8 14. Ne5 Bb4 15. Re3 Bxd2 16. Qxd2 Ne4 17. Qe1 Nd6 18. c5 Nf5 19. Rf3 bxc5 20. dxc5 f6 21. Ng4 Rc6 22. b4 h5 23. Ne3 Nxe3 24. Rxe3 e5 25. a4 d4 26. Rh3 Bc8 27. Rd3 Bf5 28. Rd2 Qd5 29. f4 Qb3 30. fxe5 Qxb4 31. exf6 Re6 32. Qf2 Rexf6 33. Bxd4 Rg6 34. Qe3 Qxa4 35. Rf2 Re8 36. Qc3 Be4 37. Be5 Qc6 38. g3 Qe6 39. Bd6 Bc6 40. Qd3 Be4 41. Qd4 h4 42. Rcf1 hxg3 43. Rf8+ Rxf8 44. Rxf8+ Kh7 45. hxg3 Rh6 46. Kf2 Rh2+ 47. Ke3 1/2-1/2

[Event "Goch op 19th"]
[Site "Goch"]
[Date "2008.10.09"]
[Round "1"]
[White "Priebs, Ludger"]
[Black "Heimburger, Horst"]
[Result "1-0"]
[WhiteElo "2033"]
[BlackElo "1521"]
[PlyCount "55"]
[EventDate "2008.10.09"]
[EventType "swiss"]
[EventRounds "7"]
[EventCountry "GER"]
[SourceTitle "EXT 2011"]
[Source "ChessBase"]
[SourceDate "2010.11.26"]
[SourceVersion "1"]
[SourceVersionDate "2010.11.26"]
[SourceQuality "1"]

1. d4 Nf6 2. Nf3 e6 3. g3 d5 4. Bg2 Nbd7 5. 0-0 b6 6. c4 Bb7 7. cxd5 Bxd5 8. Nc3 Bb7 9. Bg5 Be7 10. Qc2 0-0 11. Rad1 h6 12. Bxf6 Nxf6 13. a3 a6 14. Rfe1 Qe8 15. e4 c5 16. d5 exd5 17. exd5 Qd8 18. Nh4 Bd6 19. Nf5 Qd7 20. Bh3 Qc7 21. Ne4 Nxe4 22. Qxe4 Rfe8 23. Qg4 Rxe1+ 24. Rxe1 Be5 25. Nxh6+ Kf8 26. Nxf7 Bc8 27. Qh5 Bxh3 28. Nxe5 1-0

[Event "GER Seniors Derby 07th"]
[Site "Wesel Undeloh"]
[Date "2008.03.27"]
[Round "1.7"]
[White "Weidlich, Guenter"]
[Black "Priebs, Ludger"]
[Result "1/2-1/2"]
[WhiteElo "2043"]
[BlackElo "1644"]
[PlyCount "66"]
[EventDate "2008.03.27"]
[EventType "swiss"]
[EventRounds "7"]
[EventCountry "GER"]
[SourceTitle "EXT 2022"]
[Source "ChessBase"]
[SourceDate "2021.10.06"]
[SourceVersion "1"]
[SourceVersionDate "2021.10.06"]
[SourceQuality "1"]

1. d4 d5 2. Nf3 Nf6 3. c4 e6 4. g3 Be7 5. Bg2 0-0 6. 0-0 Nbd7 7. Qc2 c5 8. cxd5 Nxd5 9. Nc3 Nxc3 10. bxc3 cxd4 11. cxd4 a5 12. Rb1 Ra6 13. Bd2 Bd6 14. Ng5 Nf6 15. Bxb7 Bxb7 16. Rxb7 h6 17. Nf3 Qa8 18. Rb5 Rc8 19. Qd3 Bb4 20. a4 Nd5 21. Ra1 Nc3 22. Rh5 Ne4 23. Bf4 Rac6 24. h4 Rc3 25. Qd1 Nf6 26. Rb5 Nd5 27. Kh2 Nxf4 28. gxf4 Qe4 29. e3 Bd6 30. Kg2 Bxf4 31. exf4 Qxf4 32. Rb3 Qg4+ 33. Kh2 Qf4+ 1/2-1/2